| 000 | 00582nam a22002177a 4500 | ||
|---|---|---|---|
| 005 | 20250219161856.0 | ||
| 008 | 150323b2009 xxu||||| |||| 00| 0 spa d | ||
| 041 | _aESP | ||
| 082 | _aR 617.603 D545d2 | ||
| 245 | _aDiccionario de odontología Mosby | ||
| 250 | _a2 edición | ||
| 260 |
_aEspaña _bElsevier _c2009 |
||
| 300 | _a790 páginas | ||
| 650 | _aODONTOLOGÍA | ||
| 650 | _aDICCIONARIO DE TÉRMINOS ODONTOLÓGICOS | ||
| 650 | _aESTRUCTURA ORAL | ||
| 650 | _aFARMACOLOGÍA | ||
| 650 | _aPRÓTESIS DE IMPLANTE | ||
| 650 | _aTERMINOLOGÍA DENTAL | ||
| 942 |
_cREF _2ddc |
||
| 999 |
_c4091 _d4091 |
||